Quizzes
Events
Quiz Creation
Community
Videos
Private Events
Remove Ads
Sign In
Join for FREE
Feedback
Dark Mode
Quiz Categories
Sports
Geography
Music
Movies
Television
Just For Fun
Miscellaneous
History
Literature
Language
Science
Gaming
Entertainment
Religion
Holiday
For Kids
Quiz Lab
Recent
Popular Today
Quiz Kudos Today
Editor Picks
Curator Picks
Quizzes by...
Day
Popularity
Type
Ratings
Length
Year
Community
Subscriptions
Recent Discussions
Orange Saloon
Badges
Playlists
Quests
Create
Leaderboards
Showdown
Live 5
Trivia Bingo
Activity
Puzzle Library
Sporcle Events
Private Events
Virtual Trivia
Globe League
Become a Host
Pub Owners
SporcleCon
Opinionation
Our Games
Videos
Blog
Mobile Apps
Partnerships
Remove Ads and Go Orange
Feedback
Miscellaneous
Crossword
General Knowledge
Baby Names
Logo
Food
Cars
Numbers
Grab Bag
University
College
Popular
Company
Slogans
Restaurants
Justice
Letter
Miscellaneous
Crossword
General Knowledge
Baby Names
Logo
Food
Cars
Numbers
Grab Bag
University
College
Popular
Company
Slogans
Restaurants
Justice
Letter
Random Quiz
Search Sporcle
×
Quiz Lab
Quiz Lab
Miscellaneous
mark
Type in answers that appear in a list
Type in answers that appear in a list
Classic
Best Score? Go Orange.
19 in 90 Stats
Can you get full marks in JOE's 19 in 90 quiz?
By
rudikinsx
90s
19 Questions
10.5K Plays
10,547 Plays
10,547 Plays
Comments
Comments
Give Quiz Kudos
Give Quiz Kudos
-
- Ratings
hide this ad
Replay
Link that replays current quiz
Next Quiz
Link to next quiz in quiz playlist
You Got
0%
They Got
Avg Score
35%
Avg Friend Score
Upgrade to see
Score Distribution
Jump to the score distribution portion of the page
Score
0/19
Timer
01:30
0
Plays Today
Hint
Answer
% Correct
In 2017, Ed Sheeran released a song about a girl from which Irish county?
Galway
90.8%
What country is Gareth Bale from?
Wales
74.9%
For how many days does Lent last for?
46
74.3%
What is the name of the English rugby head coach?
Eddie Jones
58.3%
Who plays Phoebe Buffay in Friends?
Lisa Kudrow
52.4%
What age is Troy Parrott?
18
47.1%
What is the capital of Argentina?
Buenos Aires
40.2%
What team did Michael Jordan win all of his NBA titles with?
Chicago Bulls
38%
What school house is Draco Malfoy in in Harry Potter?
Slytherin
36.1%
Who composed the iconic stage musical Cats?
Andrew Lloyd Webber
33.4%
Hint
Answer
% Correct
What county is Clonakilty in?
Cork
27.2%
Who won the first version of winter Love Island?
Finn and Paige
22.5%
Who plays The Hulk in the MCU?
Mark Ruffalo
17.2%
Who plays Saul in Better Call Saul/
Breaking Bad?
Bob Odenkirk
16.9%
Who was John McCain's female running mate in 2008?
Sarah Palin
13.3%
What is the name of Leeds United's manager?
Marcelo Bielsa
11.7%
All Together Now festival is held in which county?
Waterford
10.3%
What is Jay Z's real name?
Sean Carter
6.1%
What rapper exposed Drake for having a secret baby in 2018?
Pusha T
5.2%
Quiz Playlist
Details
Report
Send in Message
Add To Playlist
Classic:
Type in answers that appear in a list
Last Updated: Feb 26, 2020
Quiz Scoreboard
CHALLENGE
Sign Up to Join the Scoreboard
Show All
Scores
Hide
Comments
May contain spoilers
Recently Published
Billboard Blitz: Fleetwood Mac
by CooCooCachoo
Music
15s
Presidents Visiting Landmarks
by Hejman
History
7m
An Introduction to Baseball
by treessimontrees
Sports
5m
More to Explore
Quiz From the Vault
Featured Blog Post
Where Did the Easter Bunny Come From?
hide this ad
You Might Also Like...
Tags
full
joe
mark
Today's Top Quizzes in Miscellaneous
Browse Miscellaneous
hide this ad
Today's Top Quizzes in mark
Browse mark
Top Contributed Quizzes in Miscellaneous
1
5-to-1: Fast Food
2
The JOE quick-fire general knowledge quiz: Day 174
3
The JOE quick-fire general knowledge quiz: Day 173
4
5-to-1: Cocktails
5
The JOE quick-fire general knowledge quiz: Day 172
6
Sunday Crossword: Famous Bodies of Water
7
One Thing in Common: United Kingdom II
8
The JOE quick-fire general knowledge quiz: Day 171
9
Named After an Animal - Odd One Out!
10
The JOE quick-fire quiz: Day 170
Explore More
Trending Topics
Disney
NBA
Crossword
Harry Potter
Marvel
Kpop
Anime
NFL
Pokémon
The Office
Soccer
Song
Puzzle
Country
WWE
hide this ad
More By:
rudikinsx
Quiz
Plays
Rating
Category
Featured
Created
Countries Quiz
127,614
3.61
Geography
Jun 30, 2020
counties quiz
82,717
2.80
Geography
Jul 7, 2020
Counties with 'n'
53,073
1.04
Geography
Apr 17, 2017
Premier league captains
43,707
3.00
Sports
Apr 17, 2017
19 in 90
17,822
2.00
Miscellaneous
Apr 8, 2020
Go to Creator's Profile
Score Distribution
Quiz Creator Spotlight
rudikinsx
Follow
Send a Message
Quizzes Created
-
Created Quiz Play Count
-
More By This Creator
Popular Quizzes Today
1
Find the US States - No Outlines Minefield
2
Find the Countries of Europe - No Outlines Minefield
3
The Countries of the World
4
Find the US States
5
Popular People in 1961
6
US States
7
Risky Map Clicking: Biggest States A-Z
8
Movies - When Are They Set?
More Miscellaneous Quizzes
Ballroom Dances (Competitive)
Published
Trending Quizzes
Risky Map Clicking: Least Populous States A-Z
1-10 Letter G Words
1-10 Letter F Words
Risky Map Clicking: Next State Alphabetically
'A' Boys' Names Grid
Recently Updated
Leaping Animals
pecheneg
Reality TV Shows (A-Z)
bhenderson79
Rickey Henderson's Hall of Fame Teammates
pecheneg
Champions League XIs: Arsenal
pecheneg
Quick Pick: Celebrities in WWE's Hall of Fame
aduchscher
A-Z Keypad Blitz II
pecheneg
Multiple Oscar Actors
pecheneg
Mystery Phrase Blitz: Oscar 'Best Actors'
pecheneg
F. Scott Fitzgerald Novels
LTH
Pick 3 Villains
ddd62291
Trending Topics
Marvel
Kpop
Anime
Crossword
NBA
Harry Potter
Disney
NFL
WWE
Puzzle
Song
Country
Soccer
Pokémon
The Office
Your Account Isn't Verified!
In order to create a playlist on Sporcle, you need to verify the email address you used during registration. Go to your
Sporcle Settings
to finish the process.
Report this User
Report this user for behavior that violates our
Community Guidelines
.
Details:
Send Report
Go to the Sporcle.com Mobile Site →
Comments